[Event "Wch Blitz (Women)"]
[Site "Warsaw"]
[Date "2021.12.29"]
[Round "2"]
[White "Mamedjarova, Turkan"]
[Black "Utiatskaja, Irina"]
[Result "1-0"]
[WhiteElo "2264"]
[BlackElo "2184"]
[PlyCount "83"]
[EventDate "2021.12.29"]
[EventType "swiss (blitz)"]
[EventRounds "17"]
[EventCountry "POL"]
[SourceTitle "CBM 205 Extra"]
[Source "ChessBase"]
[SourceDate "2022.01.31"]
[SourceVersion "1"]
[SourceVersionDate "2022.01.31"]
[SourceQuality "1"]

1. d4 Nf6 2. Nf3 g6 3. c4 d6 4. Nc3 Bf5 5. Bg5 Bg7 6. e3 0-0 7. Be2 Ne4 8. Nxe4 Bxe4 9. 0-0 h6 10. Bh4 b6 11. Nd2 Bb7 12. f4 c5 13. Bf3 Bxf3 14. Nxf3 cxd4 15. exd4 Qc7 16. Rc1 Re8 17. Re1 Nc6 18. Qd2 Rac8 19. d5 Na5 20. b3 Kh7 21. h3 Nb7 22. Re2 e6 23. dxe6 fxe6 24. Rce1 Qd7 25. Bf2 Qf7 26. Bd4 Bxd4+ 27. Qxd4 Rc5 28. Nd2 Rf5 29. g3 e5 30. Qd5 Qxd5 31. cxd5 Nc5 32. Nc4 Rd8 33. fxe5 dxe5 34. Rxe5 Rxd5 35. Re7+ Kg8 36. Rxa7 Nd3 37. Re8+ Rf8 38. Rxf8+ Kxf8 39. Nxb6 Rf5 40. Rd7 Ne5 41. Rd1 Rf3 42. Rf1 1-0

[Event "Wch Blitz (Women)"]
[Site "Warsaw"]
[Date "2021.12.29"]
[Round "6"]
[White "Szczotka, Klara"]
[Black "Utiatskaja, Irina"]
[Result "0-1"]
[WhiteElo "1755"]
[BlackElo "2184"]
[PlyCount "114"]
[EventDate "2021.12.29"]
[EventType "swiss (blitz)"]
[EventRounds "17"]
[EventCountry "POL"]
[SourceTitle "CBM 205 Extra"]
[Source "ChessBase"]
[SourceDate "2022.01.31"]
[SourceVersion "1"]
[SourceVersionDate "2022.01.31"]
[SourceQuality "1"]

1. e4 c5 2. Nf3 d6 3. Bb5+ Bd7 4. Bxd7+ Qxd7 5. c4 g6 6. 0-0 Bg7 7. d4 cxd4 8. Nxd4 Nc6 9. Be3 Nf6 10. f3 0-0 11. Nc3 Rfc8 12. b3 a6 13. a4 Qd8 14. Rb1 Nd7 15. Kh1 Nc5 16. Qd2 Ne6 17. Nxe6 fxe6 18. Ne2 Qf8 19. Rfd1 Qf6 20. Bg5 Qf7 21. Qe3 Rab8 22. Rbc1 e5 23. Rd5 b6 24. Rcd1 Nd4 25. Nxd4 exd4 26. Qf4 Qxf4 27. Bxf4 Rc5 28. Bg5 Rxd5 29. exd5 Kf7 30. Bd2 b5 31. axb5 axb5 32. Bc1 bxc4 33. bxc4 Rb4 34. Kg1 Rxc4 35. Kf2 Rc5 36. Ke2 Rxd5 37. Kd3 Ra5 38. Bb2 Ra2 39. Bxd4 Bxd4 40. Kxd4 Rxg2 41. Rh1 Ke6 42. Ke4 d5+ 43. Kd4 Kd6 44. h4 e5+ 45. Ke3 d4+ 46. Ke4 Re2+ 47. Kd3 Re3+ 48. Kd2 Rxf3 49. h5 g5 50. h6 Kd5 51. Rh5 Rg3 52. Rh2 e4 53. Re2 d3 54. Rh2 Kd4 55. Rh1 Rg2+ 56. Kc1 e3 57. Rf1 e2 0-1

[Event "Wch Blitz (Women)"]
[Site "Warsaw"]
[Date "2021.12.29"]
[Round "9"]
[White "Utiatskaja, Irina"]
[Black "Fernandez, Maria Florencia"]
[Result "0-1"]
[WhiteElo "2184"]
[BlackElo "2229"]
[PlyCount "50"]
[EventDate "2021.12.29"]
[EventType "swiss (blitz)"]
[EventRounds "17"]
[EventCountry "POL"]
[SourceTitle "CBM 205 Extra"]
[Source "ChessBase"]
[SourceDate "2022.01.31"]
[SourceVersion "1"]
[SourceVersionDate "2022.01.31"]
[SourceQuality "1"]

1. e4 d6 2. d4 Nf6 3. Nc3 g6 4. Be3 Bg7 5. f3 c6 6. Qd2 b5 7. Bd3 Nbd7 8. 0-0-0 b4 9. Nce2 a5 10. Kb1 Qc7 11. h3 c5 12. dxc5 Nxc5 13. Bb5+ Bd7 14. Nd4 Rb8 15. Bxd7+ Nfxd7 16. Bh6 Bxh6 17. Qxh6 Na4 18. Qg7 Rf8 19. Ka1 Ne5 20. Nge2 Nxb2 21. Kxb2 a4 22. Qh6 Nc4+ 23. Ka1 b3 24. cxb3 axb3 25. Qc1 b2+ 0-1

[Event "Wch Rapid (Women)"]
[Site "Warsaw"]
[Date "2021.12.28"]
[Round "11"]
[White "Bartel, Marta"]
[Black "Utiatskaja, Irina"]
[Result "1/2-1/2"]
[WhiteElo "2192"]
[BlackElo "2184"]
[PlyCount "129"]
[EventDate "2021.12.26"]
[EventType "swiss (rapid)"]
[EventRounds "11"]
[EventCountry "POL"]
[SourceTitle "CBM 205 Extra"]
[Source "ChessBase"]
[SourceDate "2022.01.31"]
[SourceVersion "1"]
[SourceVersionDate "2022.01.31"]
[SourceQuality "1"]

1. d4 Nf6 2. Nf3 g6 3. c4 Bg7 4. Nc3 d5 5. Bg5 Ne4 6. Bh4 Nxc3 7. bxc3 c5 8. e3 cxd4 9. cxd4 Nc6 10. Rc1 0-0 11. cxd5 Qxd5 12. Bc4 Qh5 13. d5 Na5 14. Bxe7 Re8 15. d6 Nxc4 16. Rxc4 Qa5+ 17. Qd2 Qb5 18. Rc1 Bd7 19. Nd4 Qa6 20. f3 Bxd4 21. Qxd4 Qxa2 22. 0-0 Qe6 23. Rc7 b5 24. Rfc1 a5 25. e4 a4 26. Ra7 a3 27. Rxa8 Rxa8 28. Bf6 b4 29. Bh8 f6 30. Bxf6 b3 31. Bh8 Qf7 32. Qa1 Be8 33. Rd1 Qa7+ 34. Kh1 b2 35. Bxb2 axb2 36. Qxb2 Qd7 37. e5 Bf7 38. h3 Be6 39. Rc1 Rc8 40. Rxc8+ Qxc8 41. Kh2 Qd7 42. Qb8+ Kg7 43. g4 h5 44. Kg3 g5 45. gxh5 Bxh3 46. h6+ Kh7 47. Qf8 Be6 48. Qf6 g4 49. fxg4 Bxg4 50. Kf4 Be6 51. Kg5 Bh3 52. Qg6+ Kh8 53. Qf6+ Kh7 54. Qg6+ Kh8 55. Qf6+ Kh7 56. Qe7+ Qxe7+ 57. dxe7 Bd7 58. Kf6 Be8 59. Kg5 Bf7 60. Kf6 Be8 61. Kg5 Bf7 62. e6 Be8 63. Kf6 Kxh6 64. Ke5 Kg6 65. Kd6 1/2-1/2

[Event "Wch Rapid (Women)"]
[Site "Warsaw"]
[Date "2021.12.27"]
[Round "8"]
[White "Utiatskaja, Irina"]
[Black "Kashlinskaya, Alina"]
[Result "0-1"]
[WhiteElo "2184"]
[BlackElo "2490"]
[PlyCount "75"]
[EventDate "2021.12.26"]
[EventType "swiss (rapid)"]
[EventRounds "11"]
[EventCountry "POL"]
[SourceTitle "CBM 205 Extra"]
[Source "ChessBase"]
[SourceDate "2022.01.31"]
[SourceVersion "1"]
[SourceVersionDate "2022.01.31"]
[SourceQuality "1"]

1. e4 e6 2. d4 d5 3. Bd3 dxe4 4. Bxe4 Nf6 5. Bd3 Be7 6. Nf3 0-0 7. Bg5 b6 8. Bxf6 Bxf6 9. Be4 c6 10. Qd3 h6 11. Nc3 Ba6 12. Qe3 Qc7 13. 0-0-0 Nd7 14. g4 b5 15. h4 Nb6 16. b3 b4 17. g5 Be7 18. Ne2 Bxe2 19. Qxe2 Qf4+ 20. Kb1 Rac8 21. gxh6 Qxh6 22. Ne5 Nd5 23. Bxd5 cxd5 24. h5 Rc3 25. Ng6 Re8 26. Nxe7+ Rxe7 27. Qb5 Rec7 28. Rc1 Rc8 29. Qxb4 Qh7 30. Kb2 Rxc2+ 31. Ka3 Qd3 32. Rxc2 Rxc2 33. Qa4 Qd2 34. Ra1 a5 35. h6 gxh6 36. Qe8+ Kg7 37. Rg1+ Kf6 38. Qh8+ 0-1